Lyrische Suite für Streichquartett
Guardat en:
| Autor principal: | |
|---|---|
| Format: | Llibre |
| Idioma: | alemany anglès francès |
| Publicat: |
Viena
Universal Edition
1927
|
| Col·lecció: | Philharmonia, 173
|
| Matèries: | |
| Etiquetes: |
Afegir etiqueta
Sense etiquetes, Sigues el primer a etiquetar aquest registre!
|
MARC
| LEADER | 00000nam a2200000 a 4500 | ||
|---|---|---|---|
| 001 | UCX7881 | ||
| 003 | CL-VaPUC | ||
| 005 | 20231024105520.0 | ||
| 008 | 940111e19270000AU |||||||||||||||||ger|d | ||
| 999 | |c 227561 |d 227559 | ||
| 040 | |c Pontificia Universidad Católica de Valparaíso | ||
| 041 | 0 | 7 | |a ger |2 CL-VaPUC |
| 041 | 0 | 7 | |a eng |2 CL-VaPUC |
| 041 | 0 | 7 | |a fre |2 CL-VaPUC |
| 082 | 0 | 4 | |a Mn784.1858 BER 1927 |2 21 |
| 100 | 0 | |a Berg, Alban |e author |9 306662 | |
| 245 | 1 | 0 | |a Lyrische Suite für Streichquartett |
| 246 | 1 | 0 | |a Lyric suite for string quartet |
| 246 | 1 | 0 | |a Suite lyrique pour quatuor a cordes |
| 260 | |a Viena |b Universal Edition |c 1927 | ||
| 300 | |a 83 p | ||
| 490 | 0 | |a Philharmonia, 173 | |
| 583 | |a last modification |c 19940111 00:00:00 |k Rodrigo Vera | ||
| 650 | 0 | |a Suites |2 CL-VaPUC |9 458716 | |
| 650 | 0 | |a Cuarteto de cuerdas |2 CL-VaPUC |9 466971 | |
| 650 | 0 | |a Música de cámara |2 CL-VaPUC |9 306547 | |
| 650 | 0 | |a Música para instrumentos de cuerda |2 CL-VaPUC |9 324832 | |
| 650 | 0 | |a Compositores austríacos |2 CL-VaPUC |9 324827 | |
| 650 | 0 | |a Música austríaca |2 CL-VaPUC |9 422675 | |
| 650 | 0 | |a Música contemporánea |9 306742 | |
| 942 | |c BK |2 ddc | ||
| 945 | |d 19940111 00:00:00 |a nfarias | ||
| 952 | |0 0 |1 0 |2 ddc |4 0 |6 MN_784_185800000000000_BER_1927 |7 0 |8 A |9 226672 |a BIBEDU |b BIBEDU |d 2019-11-15 |i 2959119 |o Mn784.1858 BER 1927 |p 2959119 |r 2023-11-22 |w 2019-11-15 |y BK |k MUS | ||